000 00984nam a2200313 i 4500
003 EG-GICUC
005 20260225100242.0
008 260225s1988 ru fr|||| 000 0 eng d
020 _a5010004887
040 _aEG-GiCUC
_beng
_cEG-GiCUC
_dEG-GiCUC
_erda
041 0 _aeng
082 0 4 _221
_a341.64
_bNO
092 0 4 _221
099 _aLaw1 11 341.64 NO 1988
245 0 4 _aThe Non-Aligned Movement /
_cEditors: I. I. Kovalenko, R. A. Tuzmukhamedov.
264 1 _aMoscow :
_bProgress Publishers,
_c1988.
300 _a278 pages,
_c22 cm
336 _2rda content
_atext
337 _2rda media
_aComputer
338 _2rda carrier
_aOnline Resource
500 _aIncludes bibliographical references.
546 _aText in English
650 1 4 _a Private international law
700 1 _aKovalenko, I. I
_eeditor.
700 1 _aTuzmukhamedov, R. A
_eeditor.
856 4 0 _uhttps://fll.law.cu.edu.eg/fulltext/bks/B11-08205.pdf
905 _a48
942 _2ddc
_cBK
_e21
_n0
999 _c64171
_d64171